Yield comparison of lettuce varueties under condition of crop research station of the royal university of agriculture ការប្រៀបធៀបទិន្នផលពូជសាលាដក្នុងលក្ខខណ្ឌស្ថានីយ៍ពិសោធន៍ដំណាំនៃសាកលវិទ្យាល័យភូមិន្ទកសិកម្ម (Record no. 667)

000 -LEADER
fixed length control field 00744nam a22001577a 4500
003 - CONTROL NUMBER IDENTIFIER
control field OSt
005 - DATE AND TIME OF LATEST TRANSACTION
control field 20150917154209.0
008 - FIXED-LENGTH DATA ELEMENTS--GENERAL INFORMATION
fixed length control field 150917b xxu||||| |||| 00| 0 eng d
040 ## - CATALOGING SOURCE
Transcribing agency RUA
082 ## - DEWEY DECIMAL CLASSIFICATION NUMBER
Classification number AGR LOE 2004 B031 Or.1
100 ## - MAIN ENTRY--PERSONAL NAME
9 (RLIN) 692
Personal name LOEUNG, KIMSOUR.
245 ## - TITLE STATEMENT
Title Yield comparison of lettuce varueties under condition of crop research station of the royal university of agriculture ការប្រៀបធៀបទិន្នផលពូជសាលាដក្នុងលក្ខខណ្ឌស្ថានីយ៍ពិសោធន៍ដំណាំនៃសាកលវិទ្យាល័យភូមិន្ទកសិកម្ម
260 ## - PUBLICATION, DISTRIBUTION, ETC. (IMPRINT)
Place of publication, distribution, etc. Phnom Penh
Name of publisher, distributor, etc. RUA
Date of publication, distribution, etc. 2004
300 ## - PHYSICAL DESCRIPTION
Extent 44p.
Other physical details ill.
Dimensions 29cm.
942 ## - ADDED ENTRY ELEMENTS (KOHA)
Source of classification or shelving scheme
Koha item type AGR
Holdings
Price effective from Date last seen Permanent Location Not for loan Date acquired Source of classification or shelving scheme Koha item type Lost status Withdrawn status Total Renewals Date last checked out Total Checkouts Shelving location Damaged status Barcode Current Location Full call number
2015-09-172024-11-20Library Block B 2015-09-17 AGR   2024-11-0611B031 RUA008440Library Block BAGR LOE 2004 B031 Or.1
2015-09-172024-02-29Library Block B 2015-09-17 AGR  12024-02-1312B031 RUA008655Library Block BAGR LOE 2004 B031 Or.2
មជ្ឈមណ្ឌលឯការនៃសាកលវិទ្យាល័យភូមិន្ទកសិកម្មចំការដូង

Powered by Koha